|
|
|
|
| LEADER |
00000nas a2200000 a 4500 |
| 001 |
ssj0009458 |
| 003 |
WaSeSS |
| 005 |
20200512172242.0 |
| 006 |
m d |
| 007 |
cr n |
| 008 |
951212c19909999mduqr pss o 0 a0eng c |
| 010 |
|
|
|a sn 95006658
|
| 016 |
7 |
|
|a 1473735 8
|2 DE-600
|
| 022 |
|
|
|a 1086-3214
|l 1045-5736
|y 1045-5736
|
| 035 |
|
|
|a (WaSeSS)ssj0009458
|
| 037 |
|
|
|b Johns Hopkins University Press, P.O. Box 19966, Baltimore, MD 21211
|c $54.90
|
| 040 |
|
|
|a NSD
|b eng
|c NSD
|d OCL
|d NSD
|d GUA
|d WAU
|d OCL
|d IUL
|d OCL
|d GUA
|d OCLCQ
|d OCL
|d IUL
|d K6U
|d OCLCQ
|d OCLCO
|d OCLCQ
|d HEBIS
|d OCLCF
|d OCLCO
|d OCLCQ
|d EZC
|d WaSeSS
|
| 042 |
|
|
|a nsdp
|a pcc
|
| 050 |
0 |
0 |
|a JF1051
|b .J68
|
| 082 |
1 |
0 |
|a 321
|2 12
|
| 130 |
0 |
|
|a Journal of democracy (Online)
|
| 210 |
0 |
|
|a J. democr.
|b (Online)
|
| 222 |
|
0 |
|a Journal of democracy
|b (Online)
|
| 245 |
1 |
0 |
|a Journal of democracy
|h [electronic resource].
|
| 260 |
|
|
|a Baltimore, MD :
|b National Endowment for Democracy :
|b Johns Hopkins University Press
|
| 310 |
|
|
|a Quarterly
|
| 362 |
1 |
|
|a Print began winter 1990.
|
| 506 |
|
|
|a License restrictions may limit access.
|
| 520 |
|
|
|a Special section called: Election watch also available for No. 1 (Jan. 1990)-
|
| 538 |
|
|
|a Mode of access: World Wide Web.
|
| 588 |
|
|
|a Description based on: 7.1 (Jan. 1996); title from title screen.
|
| 588 |
|
|
|a Latest issue consulted: 7.3 (July 1996).
|
| 650 |
|
0 |
|a Representative government and representation
|v Periodicals.
|
| 650 |
|
0 |
|a Democracy
|v Periodicals.
|
| 650 |
|
0 |
|a Political participation
|v Periodicals.
|
| 650 |
|
7 |
|a Democracy.
|2 fast
|0 (OCoLC)fst00890077
|
| 650 |
|
7 |
|a Political participation.
|2 fast
|0 (OCoLC)fst01069386
|
| 650 |
|
7 |
|a Representative government and representation.
|2 fast
|0 (OCoLC)fst01094941
|
| 650 |
|
7 |
|0 (DE-588)4011413-2
|0 (DE-603)085023183
|a Demokratie
|2 gnd
|
| 655 |
|
0 |
|a Electronic journals.
|
| 710 |
2 |
|
|a National Endowment for Democracy (U.S.)
|
| 740 |
0 |
2 |
|a Election watch.
|
| 776 |
1 |
|
|t Journal of democracy
|x 1045-5736
|w (DLC) 90640838
|w (OCoLC)20333981
|
| 856 |
4 |
0 |
|z Full text available from Research Library: 10/01/2003 to 1 year ago
|u https://search.proquest.com/publication/33874
|